Statistics for Хари Потер књиге

Click here to take the quiz!

General Stats

  • This quiz has been taken 273 times
  • The average score is 5 of 7

Answer Stats

#ОбјављенаХари Потер и ...% Correct
11997Камен мудрости
96%
21998Дворана тајни
80%
31999Затвореник из Аскабана
78%
42000Ватрени пехар
73%
62005Полукрвни Принц
73%
72007Реликвије Смрти
68%
52003Ред феникса
67%

Score Distribution

Percentile by Number Answered

Percent of People with Each Score

Your Score History

You have not taken this quiz